hiragana alphabet japonais/japanese - Statistiques

Statistiques générales
  • Ce quiz a été pris 30 fois
  • Le résultat moyen est 24 sur 104
Statistiques - réponses
Alphabet Réponse % Correct
N
86%
Wa
86%
Wo
79%
Ra
64%
Ri
64%
Ru
64%
Re
64%
Ro
64%
Mo
43%
Ya
36%
Yu
36%
Yo
36%
Ma
36%
Mi
36%
Mu
36%
Me
36%
Ha
29%
Hi
29%
Fu
29%
He
29%
Ho
29%
Na
29%
Ni
29%
Nu
29%
Ne
29%
No
29%
Ta
29%
Chi
29%
Tsu
29%
Te
29%
To
29%
Sa
29%
Shi
29%
Su
29%
Se
29%
So
29%
Ka
29%
Ki
29%
Ku
29%
Ke
29%
Ko
29%
A
29%
I
29%
U
29%
E
29%
O
29%
Za
21%
Ji
21%
Zu
21%
Ze
21%
Zo
21%
Rya りゃ
14%
Ryu りゅ
14%
Pa
14%
Pi
14%
Pu
14%
Pe
14%
Po
14%
Ba
14%
Bi
14%
Bu
14%
Be
14%
Bo
14%
Da
14%
Dji
14%
Dzu
14%
De
14%
Do
14%
Ga
14%
Gi
14%
Gu
14%
Ge
14%
Go
14%
Ryo りょ
7%
Mya みゃ
7%
Myu みゅ
7%
Myo みょ
7%
Pya ぴゃ
7%
Pyu ぴゅ
7%
Pyo ぴょ
7%
Bya びゃ
7%
Byu びゅ
7%
Byo びょ
7%
Hya ひゃ
7%
Hyu ひゅ
7%
Hyo ひょ
7%
Nya にゃ
7%
Nyu にゅ
7%
Nyo にょ
7%
Cha ちゃ
7%
Chu ちゅ
7%
Cho ちょ
7%
Ja じゃ
7%
Ju じゅ
7%
Jo じょ
7%
Sha しゃ
7%
Shu しゅ
7%
Sho しょ
7%
Gya ぎゃ
7%
Gyu ぎゅ
7%
Gyo ぎょ
7%
Kya きゃ
7%
Kyu きゅ
7%
Kyo きょ
7%
Aucun quiz correspondant
Distribution des résultats
% des personnes avec chaque résultat
Percentile par nombre de réponses
Votre historique - résultats
Vous n’avez pas pris ce quiz